Parcours PSG LDC 24/25 - Statistiques

Statistiques générales
  • Ce quiz a été pris 69 fois
  • Le résultat moyen est 31 sur 53
Statistiques - réponses
Match Phase Equipe ayant marqué Score Joueur % Correct
PSG - Girone Ligue PSG 1-0 Nuno Mendes
87%
PSG - Inter Finale PSG 2-0 Désiré Doué
78%
PSG - Inter Finale PSG 3-0 Désiré Doué
78%
PSG - Inter Finale PSG 1-0 Achraf Hakimi
76%
Liverpool - PSG Huitièmes de Finale Retour PSG 0-1 Ousmane Dembélé
76%
Arsenal -PSG Demi Finale Aller PSG 0-1 Ousmane Dembélé
76%
PSG - Inter Finale PSG 5-0 Senny Mayulu
76%
PSG - Arsenal Demi Finale Retour PSG 1-0 Fabian Ruiz
75%
PSG - Manchester City Ligue PSG 1-2 Ousmane Dembélé
75%
PSG - Manchester City Ligue PSG 2-2 Bradley Barcola
73%
Stuttgart - PSG Ligue PSG 2-0 Ousmane Dembélé
73%
Stuttgart - PSG Ligue PSG 3-0 Ousmane Dembélé
71%
Stuttgart - PSG Ligue PSG 4-0 Ousmane Dembélé
71%
PSG - Aston Villa Quart de Finale Aller PSG 1-1 Désiré Doué
69%
PSG - Manchester City Ligue Manchester City 0-2 Erling Haaland
69%
PSG - Manchester City Ligue PSG 4-2 Gonçalo Ramos
69%
Aston Villa - PSG Quart de Finale Retour PSG 0-1 Achraf Hakimi
67%
PSG - Arsenal Demi Finale Retour Arsenal 2-1 Bukayo Saka
67%
PSG - Manchester City Ligue PSG 3-2 Joao Neves
67%
Aston Villa - PSG Quart de Finale Retour PSG 0-2 Nuno Mendes
67%
PSG - Arsenal Demi Finale Retour PSG 2-0 Achraf Hakimi
65%
Salzburg - PSG Ligue PSG 0-3 Désiré Doué
65%
PSG - Inter Finale PSG 4-0 Khvicha Kvaratskhelia
65%
PSG - Manchester City Ligue Manchester City 0-1 Jack Grealish
64%
PSG - Aston Villa Quart de Finale Aller PSG 3-1 Nuno Mendes
64%
PSG - PSV Ligue PSG 1-1 Achraf Hakimi
60%
Stuttgart - PSG Ligue PSG 1-0 Bradley Barcola
60%
Arsenal - PSG Ligue Arsenal 2-0 Bukayo Saka
60%
Brest - PSG Barrages Aller PSG 0-2 Ousmane Dembélé
58%
PSG - Liverpool Huitièmes de Finale Aller Liverpool 0-1 Harvey Eliott
56%
Brest - PSG Barrages Aller PSG 0-3 Ousmane Dembélé
56%
PSG - Brest Barrages Retour PSG 7-0 Senny Mayulu
56%
Brest - PSG Barrages Aller PSG 0-1 Vitinha
56%
PSG - Brest Barrages Retour PSG 1-0 Bradley Barcola
55%
PSG - Aston Villa Quart de Finale Aller PSG 2-1 Khvicha Kvaratskhelia
55%
PSG - Atletico Ligue PSG 1-0 Warren Zaïre-Emery
55%
Stuttgart - PSG Ligue Stuttgart (CSC) 4-1 Willian Pacho
53%
Salzburg - PSG Ligue PSG 0-2 Nuno Mendes
51%
Salzburg - PSG Ligue PSG 0-1 Gonçalo Ramos
49%
PSG - Brest Barrages Retour PSG 4-0 Désiré Doué
47%
PSG - Brest Barrages Retour PSG 6-0 Gonçalo Ramos
47%
Bayern - PSG Ligue Bayern 1-0 Kim Min-Jae
47%
PSG - Brest Barrages Retour PSG 3-0 Vitinha
47%
PSG - Brest Barrages Retour PSG 2-0 Khvicha Kvaratskhelia
45%
Arsenal - PSG Ligue Arsenal 1-0 Kai Havertz
44%
PSG - PSV Ligue PSV 1-0 Noa Lang
44%
PSG - Brest Barrages Retour PSG 5-0 Nuno Mendes
42%
PSG - Atletico Ligue Atletico 1-2 Angel Correa
40%
PSG - Aston Villa Quart de Finale Aller Aston Villa 0-1 Morgan Rogers
40%
Aston Villa - PSG Quart de Finale Retour Aston Villa 2-2 John McGinn
36%
Aston Villa - PSG Quart de Finale Retour Aston Villa 3-2 Ezri Konsa
29%
Aston Villa - PSG Quart de Finale Retour Aston Villa 1-2 Youri Tielemans
29%
PSG - Atletico Ligue Atletico 1-1 Nahuel Molina
25%
Aucun quiz correspondant
Distribution des résultats
% des personnes avec chaque résultat
Percentile par nombre de réponses
Votre historique - résultats
Vous n’avez pas pris ce quiz